000 01060nas a2200289 4500
001 BR8101973
003 BR-BrBNA
005 20231205084618.0
007 ta
008 230509b bl.|||p| |||| 00| 00por d
040 _aBR-BrBNA
_bpor
_cBiblioteca Nacional de Agricultura
041 _a(Pt)
072 _aL70
100 1 _aSturion, D.J.
100 1 _aSusko, I.
100 1 _aPippi, N.L.
245 1 _aEficacia do Diatrizoato e da Iodamida usados como contraste na realizacao da venografia epidural lombo-sacra por via intra-ossea em caes [Canis familiaris; Brasil]
246 1 _aEfficiency of diatrizoate and iodamida as contrast agent, in the lombo-sacra epidural venography by intraosseous via in the dog [Canis familiaris; Brazil]
650 _aVeterinaria
650 _aCao
650 _aVeia
650 _aMedula ossea
650 _aRadiografia
773 0 _tRevista do Centro de Ciencias Rurais (Brazil)
_xISSN 0085-5901
_g(Sep 1980), v. 10(3) p. 241-250
_wBR8101973
909 _a202311
_bLúcia
_c55
_dLúcia Elande
942 _2AGRIS
_n0
_cANA
999 _c106252
_d106252